[Event "Bad Bevensen Seniors op 12th"]
[Site "Bad Bevensen"]
[Date "2009.07.08"]
[Round "2"]
[White "Schweers, Hugo"]
[Black "Ludwig, Timm"]
[Result "1-0"]
[WhiteElo "1605"]
[BlackElo "1398"]
[PlyCount "41"]
[EventDate "2009.07.07"]
[EventType "swiss"]
[EventRounds "9"]
[EventCountry "GER"]
[SourceTitle "EXT 2022"]
[Source "ChessBase"]
[SourceDate "2021.10.06"]
[SourceVersion "1"]
[SourceVersionDate "2021.10.06"]
[SourceQuality "1"]

1. d4 Nf6 2. c4 d6 3. Nf3 g6 4. Nc3 Bg7 5. e4 0-0 6. Be2 c5 7. d5 h6 8. 0-0 Nbd7 9. Bd3 Ne5 10. Nxe5 dxe5 11. h3 Nh5 12. Be3 f5 13. exf5 Bxf5 14. Bxf5 Rxf5 15. g4 Nf4 16. gxf5 gxf5 17. Bxf4 exf4 18. Qf3 Qd6 19. Kh1 Kh7 20. Rg1 Rg8 21. Rg2 1-0